000 00313nam a2200121Ia 4500
008 191201s2007 xx 000 0 und d
100 _aHARRIS, Robert
245 0 _aImperium: A Novel of Ancient Rome
260 _aUnited kingdom
_bCoxswyman ltd
_c2007
300 _a452
650 _aGeneral Books
942 _2ddc
_cBK
999 _c4381
_d4381